| 000 | 02308cad a22002895a 4500 | ||
|---|---|---|---|
| 001 | E149213 | ||
| 008 | 100204s2010 xxk f s000 0 eng d | ||
| 020 | _a9780755991563 | ||
| 022 | _a1741-1203 | ||
| 035 | _a(Sirsi) u149213 | ||
| 041 | 0 | _aeng | |
| 050 | 0 | 4 | _a711.1 $2 18 |
| 110 | 2 |
_aScotland _bScottish Government _95344 |
|
| 245 | 0 | 0 |
_aScottish planning policy _h[electronic resource] |
| 260 |
_aEdinburgh _bScottish Government _c2009 |
||
| 505 | 2 | _aIntroduction -- Development plans -- Development management -- Community engagement -- Sustainable economic growth -- Sustainable development -- Subject policies -- Outcomes -- Glossary | |
| 520 | _aSets out Scottish Government policy on land use planning and clarifies the purpose of planning, as well as the principles under which the system operates and the aims for key parts of the system. Also sets out statutory guidance on sustainable development and planning under the Planning etc. (Scotland) Act 2006 S3E, provides concise subject planning policies, and discusses expectations of the outcomes of the planning system. | ||
| 520 | _aThe SPP supersedes the following documents, which are now revoked: SPP 2: Economic Development; SPP 3: Planning for Homes; SPP 4: Planning for Minerals; SPP 6: Renewable Energy; SPP 7: Planning and Flooding; SPP 8: Town Centres and Retailing; SPP 10: Planning for Waste Management; SPP 11: Open Space and Physical Activity; NPPG 12: Skiing Developments; NPPG 13: Coastal Planning; NPPG 14: Natural Heritage; SPP 15: Planning for Rural Development; SPP 16: Opencast Coal; SPP 17: Planning for Transport; NPPG 19: Radio Telecommunications; SPP 20: Role of Architecture and Design Scotland; SPP 21: Green Belts; SPP 22: Planning for Fish Farming; SPP 23: Planning and the Historic Environment; Circular 12/1986: Planning Control over Onshore Oil and Gas Operations; PAN 53: Classifying the Coast for Planning Purposes. | ||
| 521 | _aAdvanced | ||
| 590 | _aKA | ||
| 650 | _aSCOTTISH PLANNING POLICY | ||
| 650 | 2 | 4 | _aPLANNING ETC. (SCOTLAND) ACT 2006 |
| 651 | 4 |
_aScotland _y1999- |
|
| 690 | _aENVIRONMENTAL AND LAND CONSULTANCY-PLANNING AND DEVELOPMENT | ||
| 856 | 4 | 0 |
_uhttps://www.scotland.gov.uk/Publications/2010/02/03132605/0 _zView the item free of charge at www.scotland.gov.uk... |
| 942 | _n0 | ||
| 999 |
_c110418 _d110418 |
||